000 00729nam a2200205 i 4500
001 bg
245 0 0 _aHistoria Polski i świata [Dokument elektroniczny] :
_bmultimedialny przewodnik po dziejach Polski i świata.
260 _aŁódź :
_bCartall,
_ccop. 2001.
300 _a1 dysk optyczny (CD-ROM) :
_bkolor. ;
_c12 cm.
500 _aOpis z pudełka.
500 _aWymagania systemowe: procesor 486 DX; pamięć 16 MB; czytnik CD-ROM x 4; karta graficzna 64 tys. kolorów; Windows 95/98/ME/NT/2000.
650 9 _aHistoria
651 9 _aPolska
_xhistoria
655 _aDokumenty elektroniczne
040 _cBPK
041 0 _apol
080 _a94(100):94(438)
942 _cCD
008 s pl f |000 0 pol
999 _c24077
_d24077
856 _uhttp://koha.tu.koszalin.pl/cgi-bin/koha/opac-detail.pl?biblionumber=24077
_yKatalog online BPK